000 00276nam a22001217a 4500
082 _a823
_bHOR/O
100 _aHORSBURG, NICHOLAS
245 _aOXFORD READING CIRLCE
260 _aDELHI
_bOXFORD UNIVERSITY
_c2003
300 _a142
650 _aENGLISH STORY
_zINDIA
942 _cBK
999 _c7515
_d7515